000 00638nam a2200253Ia 4500
003 OSt
005 20221005065941.0
006 a|||||r|||| 00| 0
007 ta
008 221004b |||||||| |||| 00| 0 mar d
024 _a40383
037 _cTextual
040 _aCRL
_cCRL
_bmar
041 _2mar
_amar
082 _aQ2:414, 155G9
100 _aFadkey
_9605153
245 0 _aHanumantashi Hitguj
260 _aMumbai
_bIndia
_c1939
300 _a883p.
_ccm.
650 _a RELIGION
650 _aMARATHI LITERATURE
_938000
942 _hQ2:414, 155G9
_cTEXL
_2cc
999 _c975449
_d975449